000
00453nam a2200145Ia 4500
008
100204s9999 xx 000 0 und d
082
_b
14552
100
_a
सप्रे मधुवंती
245
_a
द्र्रौपदी
260
_b
"शब्दरत्न प्रकाशन , मुंबई"
_c
1991
300
_a
118
630
_a
द्र्रौपदी
730
_a
द्र्रौपदी
942
_c
BOOK
999
_c
458983
_d
458980